The Smallest Man Who Ever Lived - Taylor Swift Lyrics - Statistics

General Stats
  • This quiz has been taken 28 times
  • The average score is 286 of 313
Answer Stats
Answer % Correct
a
100%
all
100%
an
100%
and
100%
be
100%
bed
100%
book
100%
by
100%
dead
100%
did
100%
ever
100%
fifty
100%
for
100%
forbidden
100%
good
100%
gun
100%
I
100%
it
100%
just
100%
lived
100%
man
100%
me
100%
our
100%
say
100%
sent
100%
sleep
100%
smallest
100%
some
100%
someone
100%
spy
100%
the
100%
this
100%
to
100%
underneath
100%
want
100%
wanted
100%
Was
100%
was
100%
wasnt
100%
we
100%
were
100%
who
100%
why
100%
will
100%
with
100%
writin
100%
years
100%
you
100%
any
94%
but
94%
cause
94%
confess
94%
declassified
94%
deserve
94%
died
94%
get
94%
if
94%
I'll
94%
in
94%
inboxes
94%
inside
94%
instead
94%
know
94%
message
94%
my
94%
of
94%
prison
94%
riddance
94%
sins
94%
time
94%
true
94%
what
94%
wont
94%
you'll
94%
your
94%
back
89%
boring
89%
didnt
89%
dont
89%
even
89%
forget
89%
from
89%
girls
89%
give
89%
goal
89%
into
89%
morning
89%
on
89%
sexy
89%
sleeper
89%
slide
89%
sparkling
89%
summer
89%
that
89%
wouldve
89%
are
83%
car
83%
cell
83%
could
83%
forgive
83%
friend
83%
gone
83%
had
83%
like
83%
miss
83%
never
83%
normal
83%
once
83%
rental
83%
rusting
83%
then
83%
they
83%
up
83%
at
78%
crashed
78%
feels
78%
friends
78%
her
78%
measure
78%
mine
78%
now
78%
pills
78%
said
78%
buy
72%
fuck
72%
guy
72%
hung
72%
Jehovahs
72%
off
72%
party
72%
pins
72%
public
72%
push
72%
showed
72%
slip
72%
stabbed
72%
suit
72%
wall
72%
witness
72%
bars
67%
come
67%
eyed
67%
gazing
67%
ghosted
67%
hid
67%
oblivion
67%
out
67%
plain
67%
queen
67%
sight
67%
starry
67%
still
67%
treat
67%
tried
67%
you'd
67%
also
61%
kicked
61%
lights
61%
performing
61%
ran
61%
sank
61%
stage
61%
stoned
61%
though
11%
No matching quizzes found
Score Distribution
Percent of People with Each Score
Percentile by Number Answered
Your Score History
You have not taken this quiz